Analýza priamych zahraničných investícií v ukrajinskej ekonomike diplomová práca

Salvato in:
Dettagli Bibliografici
Autore principale: Tovkan, Viktoriia
Ente Autore: Národohospodárska fakulta EU. Katedra financií
Altri autori: Ochotnický, Pavol
Natura: Libro
Lingua:slovacco
Pubblicazione: Bratislava 2021
Tags: Aggiungi Tag
Nessun Tag, puoi essere il primo ad aggiungerne!!

MARC

LEADER 00000nbm a2200000 4500
001 0274179
005 20220104093050.9
041 0 |a slo 
044 |a SK 
245 1 0 |a Analýza priamych zahraničných investícií v ukrajinskej ekonomike  |b diplomová práca  |c Viktoriia Tovkan ; školiteľ: Pavol Ochotnický 
264 1 |a Bratislava  |c 2021 
300 |a 71 s. 
100 1 |a Tovkan, Viktoriia 
700 1 |a Ochotnický, Pavol 
710 2 |a Národohospodárska fakulta EU. Katedra financií